00797nam a2200205Ia 4500003000400000005001700004008004100021020001800062040000900080082002100089100002300110245004300133260005700176300000900233650001200242942004800254952013600302952013600438999001700574OSt20200918140458.0190216s9999||||xx |||||||||||||| ||und|| a9788122408584 coclc a621.38173bGOS/T aGoswami, Amar9260 0aThin Film Fundamentals /cAmar Goswami bNew Age International Publishers,c2008.aNew Delhi: a548p aPhysics cBK2ddch621.38173iGOS/Tk621.38173mGOS/T 00102ddc40708APHYaMESbMEScPHYd2019-02-20g995.00l0o621.38173 GOS/Tp35430r2019-02-20 00:00:00t1w2019-02-20yBKzGL16R2 00102ddc40708APHYaMESbMEScPHYd2019-02-20g995.00l0o621.38173 GOS/Tp35431r2019-02-20 00:00:00t2w2019-02-20yBKzGL16R2 c34436d34436